000 01546nam a2200445 a 4500
001 20358
003 VRT
005 20260121135223.0
008 251113s1997 xo a r 0 slo
015 _aSNBA1997/0601527
020 _a8071183385
035 _aSNK000228593
039 9 _a202511131429
_bVLOAD
_c202511131342
_dVLOAD
_c202510310858
_dVLOAD
_c202403131551
_dVLOAD
040 _aSNK
_bslo
_cSNK
_eAACR2
041 0 _aslo
044 _axo
_cSK
080 _a003.08(035)
_21981
100 1 _aBarrett, David V.,
_d1952-
_4aut
240 1 0 _aGraphology
_lSlovensky
245 1 _aGrafológia
_cDavid V. Barrett ; [z anglického originálu preložila Nina Šimunková]
260 _aBratislava
_bIkar
_c1997
300 _a61 s.
_bfareb. ilustr.
_c16 cm
490 1 _aVeštecká knižnica
500 _aIlustr. na tit. strane a front.
500 _aÚdaj o prekl. prevzatý z rubu tit. strany
504 _aReg.
650 0 7 _agrafológia
_2SNKPH
655 7 _apríručky
_2SNK
700 1 _aŠimunková, Nina
_4trl
730 _aGraphology
830 0 _aVeštecká knižnica
911 _aKN 1997/06
_b01527
942 _2ddc
_cOLDO
_n0
949 _9P60, <09>, [BOOK], {629}
_asnkD 89
_bsnk821/970227
949 _617A0037393
_9P60, <03>, [BOOK], {603}
_asnkSD 68385
_bsnkKSP 1906/97
949 _617A0037394
_9P60, <04>, [BOOK], {604}
_asnkSD 68385 D1
_bsnkKSP 1907/97
949 _6273K0226251
_asvkpoA 169753
_bsvkpo422322
949 _64710709025
_astrmkN 159.9
_bstrmk2008/9025
999 _c20358
_d20358